01398cam a22003374a 450000100090000000300090000900500170001800800410003501000170007602000280009304000180012104200080013905000270014708200300017410000310020424501000023526000350033530000340037050200060040450400640041065000610047465000520053565000530058765000340064085600900067485600760076490600450084094200120088599900190089795201440091612377785USPCAS-E20180118181419.0010412s2001 nyua b 001 0 eng  a 2001024704 a0471357294 (alk. paper) aDLCcDLCdDLC apcc00aTK7870.25b.S7324 200100a621.38104221bSTE-P 20011 aSteinberg, Dave S.,d1923-10aPreventing thermal cycling and vibration failures in electronic equipment /cDave S. Steinberg. aNew York :bJ. Wiley,cc2001. axxi, 282 p. :bill. ;c25 cm. a. aIncludes bibliographical references (p. 270-272) and index. 0aElectronic apparatus and appliancesxThermal properties. 0aElectronic apparatus and appliancesxVibration. 0aElectronic apparatus and appliancesxProtection. 0aSystem failures (Engineering)423Publisher descriptionuhttp://www.loc.gov/catdir/description/wiley036/2001024704.html4 3Table of Contentsuhttp://www.loc.gov/catdir/toc/onix07/2001024704.html a7bcbccorignewd1eocipf20gy-gencatlg 2ddccBK c355956d355956 00102ddc40708NFICaCAS-EbCAS-EcDISPLAYd2016-01-12eIqrag10824.00l0o621.38104 STE-P 2001pCAS-E0001158r2016-01-12w2016-01-12yBK